00410pam a2200145 i 4500020001500000082001500015100002300030245003700053250001100090260003100101300002800132500004000160650002300200650004100223 a047100794300a541.33 ADM1 aAdamson, Arthur W.10aPhysical chemistry of surfaces / a3d ed. aNew York :bWiley,cc1976. axviii, 698 p. :bill. ; a"A Wiley-Interscience publication." 0aSurface chemistry. 0aChemistry, Physical and theoretical.